LEADER 01158nam a2200217 i 4500 001 000000029375 003 CaOOAMICUS 005 20250723124812.0 008 180830s1972 it u000 u lat u 040 $aSeMil$bita 100 1 $aPico della Mirandola, Giovanni,$d<1463-1494>.$0(OLS)http://semarc/name/90074 245 10$aOpera omnia /$cJoannes Franciscus Picus Mirandulanus ; con una premessa di Eugenio Garin. 250 $aRist. anast.: Scripta in editione basilensi anno 1573 collecta. 264 1$aTorino :$bBottega d'Erasmo,$c1972. 300 $av. ;$c35 cm. 700 1 $aGarin, Eugenio,$d<1909-2004>.$0(OLS)http://semarc/name/1340 774 0 $tScripta in editione Basilensi anno 1573 collecta.$bRist. anast.$kMonumenta politica philosophica humanistica rariora ex optimis editionibus phototypice expressa. Series 1$w()226671 774 0 $t1.2.$bRist. anast.$kMonumenta politica philosophica humanistica rariora ex optimis editionibus phototypice expressa. Series 1$w()226672 996 $6245$aOpera omnia$9(OLS)http://semarc/title/2151 996 $6264$aTorino :$bBottega d'Erasmo$9(OLS)http://semarc/publisher/38081 LEADER 01440nam a2200301 i 4500 001 000000127049 003 CaOOAMICUS 005 20070312000000.0 008 070312s2000 it u000 u ita u 013 $a99757 020 $a88-343-0636-8 040 $aSeMil$bita 100 1 $aDe Berti, Raffaele.$0(OLS)http://semarc/name/52812 245 10$aDallo schermo alla carta :$bromanzi, fotoromanzi, rotocalchi cinematografici: il film e i suoi paratesti /$cRaffaele De Berti. 260 $aMilano :$bVita e Pensiero,$ccopyr. 2000. 300 $aXII, 144 p., [16] p. di tav. ;$c24 cm. 490 0 $aLa cittā e lo spettacolo ;$v10 500 $aAi pič del front : Fondo Card. C.M. Martini. 650 4$aCinema - Aspetti socio-culturali.$0(OLS)http://semarc/subject/34530 650 4$aFotoromanzi - Aspetti socio-culturali - Italia - 1910-1950.$0(OLS)http://semarc/subject/24900 830 3$aLa cittā e lo spettacolo ;$v10.$0(OLS)http://semarc/title/10501 850 $aSeMil 852 $aSeMil$W1$xVenegono$y1$m3M IV 181$j81378$B81378$CSeMilBibl$Z2$F123851 $81 941 1 $a4 961 $aOmaggio: Martini Card. Carlo Maria 996 $6020$a88-343-0636-8$9(OLS)http://semarc/number/113367 996 $6245$aDallo schermo alla carta :$bromanzi, fotoromanzi, rotocalchi cinematografici: il film e i suoi paratesti$9(OLS)http://semarc/title/187424 996 $6260$aMilano :$bVita e Pensiero$9(OLS)http://semarc/publisher/29642